00385ntaaa2200145 45000030003000000050017000030080021000200400037000410820017000782450023000952500052001183000009001705000036001797000024002150120251027201834.00714s1973 ag 01  aAR-BaBNbspacAR-BaBNeaacrdRIC a244.1000 AL5 aShowing God's love a1 ed. : bNashvilleSunday School Board, cc1942 a44 p aHistoria bíblica para niños aAllen, Hattie Bell